[Event "SVK-chT2C 2324"]
[Site "Slovakia"]
[Date "2024.02.11"]
[Round "9.4"]
[White "Hrnciar, Roman"]
[Black "Marcinek, Michal"]
[Result "1-0"]
[WhiteElo "1998"]
[BlackElo "1902"]
[PlyCount "65"]
[EventDate "2023.10.07"]
[EventType "team-tourn"]
[EventRounds "11"]
[EventCountry "SVK"]
[SourceTitle "EXT 2025"]
[Source "ChessBase"]
[SourceDate "2024.10.14"]
[SourceVersion "1"]
[SourceVersionDate "2024.10.14"]
[SourceQuality "1"]
[WhiteTeam "Martin Medea"]
[BlackTeam "Zilina Mladost"]
[WhiteTeamCountry "SVK"]
[BlackTeamCountry "SVK"]

1. f4 d5 2. e3 Nf6 3. b3 g6 4. Bb2 Bg7 5. Nf3 0-0 6. Be2 c5 7. 0-0 Nc6 8. Bb5 Qb6 9. Bxc6 Qxc6 10. Ne5 Qc7 11. Qe2 Nd7 12. d4 f6 13. Nxd7 Bxd7 14. c4 e6 15. dxc5 Rfc8 16. cxd5 exd5 17. Bd4 f5 18. Qb2 Bb5 19. Rc1 b6 20. Na3 Ba6 21. b4 Bxd4 22. Qxd4 bxc5 23. Qxd5+ Kg7 24. Rxc5 Qb6 25. Qd4+ Kh6 26. Nc2 Rd8 27. Rd5 Rxd5 28. Qxd5 Rd8 29. Qc5 Qb7 30. Nd4 Qe4 31. Qe5 Qd3 32. Ne6 Rd7 33. Nc5 1-0

[Event "Piestany Slovakia op-B"]
[Site "Piestany"]
[Date "2023.07.12"]
[Round "2"]
[White "Marcinek, Michal"]
[Black "Kollarik, Gorazd"]
[Result "1-0"]
[WhiteElo "1919"]
[BlackElo "1700"]
[PlyCount "115"]
[EventDate "2023.07.11"]
[EventType "swiss"]
[EventRounds "9"]
[EventCountry "SVK"]
[SourceTitle "EXT 2024"]
[Source "ChessBase"]
[SourceDate "2023.10.10"]
[SourceVersion "1"]
[SourceVersionDate "2023.10.10"]
[SourceQuality "1"]

1. d4 d5 2. c4 e6 3. Nf3 Nf6 4. g3 Be7 5. Bg2 0-0 6. 0-0 b6 7. Nc3 Bb7 8. Ne5 c6 9. Qa4 Nbd7 10. Nxc6 Bxc6 11. Qxc6 Rc8 12. Qb5 Rxc4 13. Rd1 Qc8 14. a3 a6 15. Qb3 Qc6 16. e3 Rc8 17. Bf1 b5 18. Bxc4 bxc4 19. Qc2 Rb8 20. Bd2 Rb3 21. Rdc1 a5 22. a4 Qb6 23. Nb5 Ne4 24. Be1 g6 25. Qe2 Nb8 26. f3 Nf6 27. Rc3 Rb4 28. Rc2 Rb3 29. Bf2 Nc6 30. Rc3 Rb4 31. e4 Ne8 32. exd5 exd5 33. Re3 Kf8 34. Be1 Rb3 35. Rxb3 cxb3 36. Bf2 Bb4 37. Qe3 Nc7 38. Nxc7 Qxc7 39. Qxb3 Qd6 40. Rc1 Ne7 41. Be1 Nc6 42. Bxb4 Nxb4 43. Rc5 Qd8 44. Qe3 Kg7 45. Qe5+ Kh6 46. b3 Qb6 47. Qf4+ Kg7 48. Rc7 Qe6 49. Qe5+ Qxe5 50. dxe5 Kf8 51. Kf1 d4 52. f4 d3 53. Ke1 Ke8 54. Kd2 h5 55. Rc4 Kd7 56. Rxb4 axb4 57. Kxd3 Kc6 58. Kc4 1-0

[Event "SVK-chT2C 2223"]
[Site "Slovakia"]
[Date "2023.02.12"]
[Round "9.5"]
[White "Marcinek, Michal"]
[Black "Repcek, Michal"]
[Result "1-0"]
[WhiteElo "1833"]
[BlackElo "1803"]
[PlyCount "54"]
[EventDate "2022.10.08"]
[EventType "team-tourn"]
[EventRounds "11"]
[EventCountry "SVK"]
[SourceTitle "EXT 2024"]
[Source "ChessBase"]
[SourceDate "2023.10.10"]
[SourceVersion "1"]
[SourceVersionDate "2023.10.10"]
[SourceQuality "1"]
[WhiteTeam "Zilina Mladost IV"]
[BlackTeam "Ondrasova Krivan"]
[WhiteTeamCountry "SVK"]
[BlackTeamCountry "SVK"]

1. d4 Nf6 2. c4 g6 3. Nc3 Bg7 4. Nf3 d6 5. Bg5 0-0 6. e3 c6 7. Qc2 Nbd7 8. Rd1 Re8 9. Be2 a6 10. a4 Qc7 11. 0-0 e5 12. Bh4 Nf8 13. dxe5 dxe5 14. Bxf6 Bxf6 15. Ne4 Bf5 16. Nxf6+ Kg7 17. Nxe8+ Rxe8 18. e4 Bg4 19. Rd2 Ne6 20. Qc3 Nc5 21. Qe3 Nxa4 22. Ng5 Bc8 23. b3 Nb6 24. c5 Na8 25. Bc4 f6 26. Nf7 b5 27. Qh6+ Kg8 1-0

[Event "SVK-chT2C 2223"]
[Site "Slovakia"]
[Date "2023.02.11"]
[Round "8.5"]
[White "Kerdik, Adam"]
[Black "Marcinek, Michal"]
[Result "1/2-1/2"]
[WhiteElo "2036"]
[BlackElo "1833"]
[PlyCount "53"]
[EventDate "2022.10.08"]
[EventType "team-tourn"]
[EventRounds "11"]
[EventCountry "SVK"]
[SourceTitle "EXT 2024"]
[Source "ChessBase"]
[SourceDate "2023.10.10"]
[SourceVersion "1"]
[SourceVersionDate "2023.10.10"]
[SourceQuality "1"]
[WhiteTeam "Liptov Chess School III"]
[BlackTeam "Zilina Mladost IV"]
[WhiteTeamCountry "SVK"]
[BlackTeamCountry "SVK"]

1. d4 d5 2. c4 c6 3. Nf3 Nf6 4. Nc3 e6 5. cxd5 cxd5 6. Bf4 Bd6 7. e3 Bxf4 8. exf4 Qb6 9. Qc2 Nc6 10. Rd1 Bd7 11. Be2 Rc8 12. 0-0 Ne4 13. Qb1 Nxc3 14. bxc3 Qxb1 15. Rxb1 Na5 16. Rfc1 b6 17. Ne5 f6 18. Ng4 Ke7 19. Kf1 Rc7 20. Ke1 Rhc8 21. Kd2 Bc6 22. Ne3 Bb7 23. Bd3 g6 24. Rc2 Kd6 25. h4 Bc6 26. Rh1 Be8 27. Rcc1 1/2-1/2

[Event "SVK-chT2C 2223"]
[Site "Slovakia"]
[Date "2022.11.13"]
[Round "4.5"]
[White "Marcinek, Michal"]
[Black "Listiak, Juraj"]
[Result "1/2-1/2"]
[WhiteElo "1843"]
[BlackElo "1964"]
[PlyCount "62"]
[EventDate "2022.10.08"]
[EventType "team-tourn"]
[EventRounds "11"]
[EventCountry "SVK"]
[SourceTitle "EXT 2024"]
[Source "ChessBase"]
[SourceDate "2023.10.10"]
[SourceVersion "1"]
[SourceVersionDate "2023.10.10"]
[SourceQuality "1"]
[WhiteTeam "Zilina Mladost IV"]
[BlackTeam "Banska Bystrica Kurta"]
[WhiteTeamCountry "SVK"]
[BlackTeamCountry "SVK"]

1. d4 d5 2. c4 e6 3. Nc3 Nf6 4. cxd5 exd5 5. Bg5 Be7 6. e3 c6 7. Bd3 0-0 8. Qc2 Nbd7 9. Nf3 Re8 10. 0-0 Ne4 11. Bxe7 Qxe7 12. Rab1 Ndf6 13. b4 Nxc3 14. Qxc3 a6 15. a4 Bd7 16. b5 cxb5 17. axb5 Rec8 18. Qb2 axb5 19. Bxb5 Bxb5 20. Qxb5 Rc7 21. Ne5 g6 22. h3 Kg7 23. Rfc1 Rac8 24. Rxc7 Rxc7 25. Nd3 Ne4 26. Rb2 Nc3 27. Qb3 Qd8 28. Rc2 Qc8 29. Nc5 Ne4 30. Qxd5 Nxc5 31. dxc5 Rc6 1/2-1/2

[Event "SVK-chT2C 2223"]
[Site "Slovakia"]
[Date "2022.10.08"]
[Round "1.7"]
[White "Marcinek, Michal"]
[Black "Sibrava, Patrik"]
[Result "1-0"]
[WhiteElo "1833"]
[BlackElo "1848"]
[PlyCount "57"]
[EventDate "2022.10.08"]
[EventType "team-tourn"]
[EventRounds "11"]
[EventCountry "SVK"]
[SourceTitle "CBM 210 Extra"]
[Source "ChessBase"]
[SourceDate "2022.11.30"]
[SourceVersion "1"]
[SourceVersionDate "2022.11.30"]
[SourceQuality "1"]
[WhiteTeam "Zilina Mladost IV"]
[BlackTeam "Dunajov Martin III"]
[WhiteTeamCountry "SVK"]
[BlackTeamCountry "SVK"]

1. d4 d5 2. c4 e6 3. Nc3 Nf6 4. cxd5 exd5 5. Bg5 Be7 6. Qc2 0-0 7. e3 h6 8. Bh4 c6 9. Bd3 Re8 10. Nf3 Bg4 11. Nd2 a5 12. 0-0 Na6 13. a3 b5 14. Nb3 a4 15. Nd2 Qb6 16. Rfc1 Rac8 17. h3 Bd7 18. Nf3 g5 19. Bg3 Red8 20. Qe2 Nc7 21. Ne5 Be8 22. Bf5 Ne6 23. Ng4 Kg7 24. Be5 Bd7 25. Qf3 Nf8 26. Nxf6 Bxf6 27. Bxf6+ Kxf6 28. Bxd7+ Ke7 29. Bxc8 1-0

[Event "SVK-chT2C 2122"]
[Site "Slovakia"]
[Date "2022.03.26"]
[Round "8.3"]
[White "Madar, Martin"]
[Black "Marcinek, Michal"]
[Result "1-0"]
[WhiteElo "2067"]
[BlackElo "1850"]
[PlyCount "77"]
[EventDate "2021.10.16"]
[EventType "team-tourn"]
[EventRounds "11"]
[EventCountry "SVK"]
[SourceTitle "EXT 2023"]
[Source "ChessBase"]
[SourceDate "2022.10.05"]
[SourceVersion "1"]
[SourceVersionDate "2022.10.05"]
[SourceQuality "1"]
[WhiteTeam "Ondrasova Krivan"]
[BlackTeam "Rajecke Teplice"]
[WhiteTeamCountry "SVK"]
[BlackTeamCountry "SVK"]

1. e4 e6 2. d3 d5 3. Nd2 Nf6 4. Ngf3 c5 5. g3 Nc6 6. Bg2 Be7 7. 0-0 0-0 8. Re1 Qc7 9. e5 Nd7 10. Qe2 b5 11. Nf1 Nd4 12. Nxd4 cxd4 13. Bf4 Bb7 14. h4 a5 15. h5 Rfc8 16. Rac1 Bb4 17. Bd2 Ra6 18. c3 dxc3 19. bxc3 Bf8 20. h6 g6 21. Nh2 Rc6 22. Ng4 Ba6 23. Qe3 Qd8 24. Rb1 Nc5 25. Nf6+ Kh8 26. d4 Na4 27. Qf4 Qe7 28. Bf1 Nxc3 29. Bxc3 Rxc3 30. Bxb5 Bxb5 31. Rxb5 Qc7 32. Kg2 Bb4 33. Nxd5 Qd8 34. Nxc3 Bxc3 35. Re4 Kg8 36. Rb7 Qf8 37. g4 Bb4 38. Qf6 Rd8 39. Rf4 1-0

[Event "SVK-chT2C 2122"]
[Site "Slovakia"]
[Date "2022.02.05"]
[Round "3.1"]
[White "Marcinek, Michal"]
[Black "Gyerpal, Adrian"]
[Result "0-1"]
[WhiteElo "1850"]
[BlackElo "2172"]
[PlyCount "120"]
[EventDate "2021.10.16"]
[EventType "team-tourn"]
[EventRounds "11"]
[EventCountry "SVK"]
[SourceTitle "EXT 2023"]
[Source "ChessBase"]
[SourceDate "2022.10.05"]
[SourceVersion "1"]
[SourceVersionDate "2022.10.05"]
[SourceQuality "1"]
[WhiteTeam "Rajecke Teplice"]
[BlackTeam "Detva"]
[WhiteTeamCountry "SVK"]
[BlackTeamCountry "SVK"]

1. d4 d5 2. c4 c6 3. Nf3 Nf6 4. Nc3 e6 5. e3 Nbd7 6. Qc2 Bd6 7. Bd3 dxc4 8. Bxc4 b5 9. Be2 Bb7 10. 0-0 0-0 11. Rd1 Qc7 12. e4 e5 13. Bg5 Rfe8 14. Rac1 a6 15. dxe5 Bxe5 16. Nxe5 Qxe5 17. Be3 b4 18. Na4 Qxe4 19. Qxe4 Rxe4 20. Bf3 Re6 21. Rxd7 Nxd7 22. Bg4 Rxe3 23. fxe3 Ne5 24. Nb6 Rd8 25. Rd1 Rxd1+ 26. Bxd1 Kf8 27. Be2 Ke7 28. Nc4 Nxc4 29. Bxc4 Bc8 30. Kf2 Be6 31. Bxa6 Bxa2 32. Ke2 Kd6 33. Kd2 Bd5 34. g3 Be4 35. Be2 Kd5 36. Bf1 h5 37. h4 Bf3 38. Ba6 Ke5 39. Bd3 c5 40. Ba6 Bd5 41. Bd3 g6 42. Bf1 Be4 43. Ba6 Bf5 44. Bb7 Be6 45. Bg2 c4 46. Bf3 Bd5 47. Bd1 Ke4 48. g4 hxg4 49. Bxg4 f5 50. Bd1 c3+ 51. bxc3 bxc3+ 52. Kxc3 Kxe3 53. h5 gxh5 54. Bxh5 Be4 55. Bg6 f4 56. Bh5 Bd3 57. Bg4 Be2 58. Bc8 f3 59. Bb7 f2 60. Bg2 Kf4 0-1

[Event "Skalica op"]
[Site "Skalica"]
[Date "2021.08.28"]
[Round "8"]
[White "Psaila, Clarence"]
[Black "Marcinek, Michal"]
[Result "1-0"]
[WhiteElo "1965"]
[BlackElo "1919"]
[PlyCount "127"]
[EventDate "2021.08.21"]
[EventType "swiss"]
[EventRounds "9"]
[EventCountry "SVK"]
[SourceTitle "CBM 204 Extra"]
[Source "ChessBase"]
[SourceDate "2021.11.30"]
[SourceVersion "1"]
[SourceVersionDate "2021.11.30"]
[SourceQuality "1"]

1. d4 d5 2. Bf4 Nf6 3. e3 e6 4. Nd2 c5 5. c3 Bd6 6. Bg3 0-0 7. Ngf3 b6 8. Bd3 Ba6 9. Bxa6 Nxa6 10. Qe2 Nb8 11. e4 Bxg3 12. hxg3 dxe4 13. Nxe4 Nbd7 14. 0-0-0 Qc7 15. Nfg5 h6 16. Nxf6+ Nxf6 17. Ne4 Nxe4 18. Qxe4 Rad8 19. Qg4 f5 20. Qe2 Rf6 21. dxc5 Rxd1+ 22. Rxd1 bxc5 23. Qd2 Rf7 24. Qd8+ Kh7 25. Qxc7 Rxc7 26. Rd6 e5 27. Rd5 Kg6 28. Rxe5 Kf6 29. f4 g5 30. Kc2 gxf4 31. gxf4 Rg7 32. Re2 Rg4 33. Rf2 c4 34. b3 Ke6 35. bxc4 Kd6 36. Kb3 Kc5 37. g3 Rxg3 38. Rd2 Rf3 39. Rd5+ Kc6 40. Rxf5 h5 41. Rxh5 Rxf4 42. Kb4 Rf1 43. Rh6+ Kc7 44. a4 Rg1 45. Kb5 Rg3 46. c5 Rxc3 47. Rh7+ Kb8 48. Kc6 a6 49. Kb6 Rb3+ 50. Kxa6 Rb1 51. Ka5 Kc8 52. Rh4 Kc7 53. Rb4 Ra1 54. Kb5 Ra2 55. Rb1 Ra3 56. Rh1 Rb3+ 57. Kc4 Ra3 58. Rh6 Rxa4+ 59. Kb5 Rg4 60. Rh7+ Kc8 61. Kb6 Rg1 62. Rh8+ Kd7 63. c6+ Kd6 64. Rd8+ 1-0

[Event "Skalica op"]
[Site "Skalica"]
[Date "2021.08.23"]
[Round "3"]
[White "Fizer, Marek"]
[Black "Marcinek, Michal"]
[Result "1-0"]
[WhiteElo "1952"]
[BlackElo "1919"]
[PlyCount "81"]
[EventDate "2021.08.21"]
[EventType "swiss"]
[EventRounds "9"]
[EventCountry "SVK"]
[SourceTitle "CBM 204 Extra"]
[Source "ChessBase"]
[SourceDate "2021.11.30"]
[SourceVersion "1"]
[SourceVersionDate "2021.11.30"]
[SourceQuality "1"]

1. e4 e6 2. d4 d5 3. Nd2 dxe4 4. Nxe4 Nd7 5. Nf3 Ngf6 6. Ng3 c5 7. c3 Be7 8. Bd3 0-0 9. 0-0 b6 10. Ne5 Bb7 11. f4 cxd4 12. cxd4 Nxe5 13. dxe5 Qd5 14. Qe2 Bc5+ 15. Kh1 Ne8 16. Be4 Qd7 17. f5 Bxe4 18. Qxe4 Nc7 19. f6 g6 20. Be3 Rfd8 21. Bxc5 bxc5 22. Qh4 Qd4 23. Qh6 Ne8 24. Rf4 Qxe5 25. Raf1 Rd4 26. R4f3 Rad8 27. Re3 Qd5 28. h3 Rd2 29. Ne4 Rxb2 30. Qh4 Nd6 31. Qf4 c4 32. Qh6 Ne8 33. Rff3 Rb1+ 34. Kh2 Qe5+ 35. Ng3 Qc7 36. Rxe6 Nxf6 37. Rexf6 Rdd1 38. Qf4 Qxf4 39. R6xf4 Ra1 40. Rxf7 Rxa2 41. Ne4 1-0

[Event "SVK-chT2C 1314"]
[Site "Slovakia"]
[Date "2014.02.23"]
[Round "9.6"]
[White "Marcinek, Michal"]
[Black "Straka, Jozef1"]
[Result "1/2-1/2"]
[WhiteElo "1941"]
[BlackElo "1994"]
[PlyCount "99"]
[EventDate "2013.10.19"]
[EventType "team-tourn"]
[EventRounds "11"]
[EventCountry "SVK"]
[SourceTitle "EXT 2015"]
[Source "ChessBase"]
[SourceDate "2014.11.20"]
[SourceVersion "1"]
[SourceVersionDate "2014.11.20"]
[SourceQuality "1"]
[WhiteTeam "Zilina DMS"]
[BlackTeam "Cadca II"]
[WhiteTeamCountry "SVK"]
[BlackTeamCountry "SVK"]

1. e4 c5 2. c3 d5 3. exd5 Qxd5 4. d4 Nf6 5. Nf3 Bf5 6. Be2 e6 7. 0-0 Be7 8. Bf4 Nc6 9. dxc5 Bxc5 10. Qxd5 Nxd5 11. Bg3 0-0 12. Nbd2 Rfe8 13. Bb5 Re7 14. Bxc6 bxc6 15. Nb3 Bb6 16. Nbd4 Bxd4 17. Nxd4 Rb7 18. c4 Ne7 19. Nxf5 Nxf5 20. b3 Nxg3 21. hxg3 Rd7 22. Rfd1 Rad8 23. Rxd7 Rxd7 24. Kf1 Rd2 25. Ke1 Rb2 26. Rd1 Kf8 27. Rd2 Rb1+ 28. Ke2 Ke7 29. Kd3 c5 30. Kc2 Ra1 31. Kb2 Re1 32. f3 h5 33. Ka3 g5 34. Ka4 g4 35. f4 Re3 36. Kb5 Rxg3 37. Kxc5 h4 38. Kc6 h3 39. gxh3 gxh3 40. Rh2 Rc3 41. c5 Kf6 42. b4 Kf5 43. Kb7 a5 44. c6 axb4 45. c7 Kg4 46. c8Q Rxc8 47. Kxc8 Kg3 48. Rb2 h2 49. Rb3+ Kg4 50. Rb1 1/2-1/2

[Event "SVK-chT2C 1314"]
[Site "Slovakia"]
[Date "2013.10.20"]
[Round "2.6"]
[White "Hajek, Rastislav"]
[Black "Marcinek, Michal"]
[Result "1/2-1/2"]
[WhiteElo "1931"]
[BlackElo "1941"]
[PlyCount "41"]
[EventDate "2013.10.19"]
[EventType "team-tourn"]
[EventRounds "11"]
[EventCountry "SVK"]
[SourceTitle "EXT 2015"]
[Source "ChessBase"]
[SourceDate "2014.11.20"]
[SourceVersion "1"]
[SourceVersionDate "2014.11.20"]
[SourceQuality "1"]
[WhiteTeam "Rajecke Teplice"]
[BlackTeam "Zilina DMS"]
[WhiteTeamCountry "SVK"]
[BlackTeamCountry "SVK"]

1. e4 e5 2. Nc3 Nf6 3. d3 Nc6 4. g3 a6 5. Bg2 Bc5 6. h3 d6 7. Nf3 h6 8. Ne2 0-0 9. g4 d5 10. g5 hxg5 11. Nxg5 dxe4 12. Bxe4 Nxe4 13. Nxe4 Ba7 14. N2g3 f5 15. Ng5 Qf6 16. Nh5 Qe7 17. Rg1 g6 18. Ne4 fxe4 19. Rxg6+ Kh8 20. Rh6+ Kg8 21. Rg6+ 1/2-1/2

[Event "SVK-chT2C 1112"]
[Site "Slovakia"]
[Date "2011.12.03"]
[Round "5.8"]
[White "Ardamica, Marek"]
[Black "Marcinek, Michal"]
[Result "1-0"]
[WhiteElo "1531"]
[BlackElo "1992"]
[PlyCount "51"]
[EventDate "2011.10.08"]
[EventType "team-tourn"]
[EventRounds "11"]
[EventCountry "SVK"]
[SourceTitle "EXT 2013"]
[Source "ChessBase"]
[SourceDate "2012.11.22"]
[SourceVersion "1"]
[SourceVersionDate "2012.11.22"]
[SourceQuality "1"]
[WhiteTeam "Zilina Mladost II"]
[BlackTeam "Zilina DMS"]
[WhiteTeamCountry "SVK"]
[BlackTeamCountry "SVK"]

1. e4 e5 2. Nf3 Nc6 3. Bb5 a6 4. Ba4 Nf6 5. 0-0 Be7 6. Re1 b5 7. Bb3 d6 8. c3 0-0 9. d4 exd4 10. cxd4 Bg4 11. e5 dxe5 12. dxe5 Nd7 13. Bxf7+ Rxf7 14. e6 Rf8 15. exd7 Bxf3 16. gxf3 Bd6 17. Qd5+ Kh8 18. Qxc6 Qh4 19. f4 Qg4+ 20. Qg2 Qxd7 21. Be3 Rae8 22. Nc3 Re6 23. Kh1 Rfe8 24. Rg1 Rh6 25. Rae1 Ree6 26. f5 1-0

[Event "SVK-chT2C 0607"]
[Site "Slovakia"]
[Date "2007.03.17"]
[Round "10.1"]
[White "Gabris, Ondrej"]
[Black "Marcinek, Michal"]
[Result "1-0"]
[WhiteElo "2184"]
[BlackElo "1988"]
[PlyCount "81"]
[EventDate "2006.10.14"]
[EventType "team-tourn"]
[EventRounds "11"]
[EventCountry "SVK"]
[SourceTitle "EXT 2019"]
[Source "ChessBase"]
[SourceDate "2018.10.10"]
[SourceVersion "1"]
[SourceVersionDate "2018.10.10"]
[SourceQuality "1"]
[WhiteTeam "Banska Bystrica TH Junior"]
[BlackTeam "Zilina DMS"]
[WhiteTeamCountry "SVK"]
[BlackTeamCountry "SVK"]

1. e4 e5 2. Nf3 Nc6 3. d4 exd4 4. c3 Bc5 5. Bc4 h6 6. 0-0 Nge7 7. cxd4 Bb6 8. d5 Nb8 9. e5 d6 10. Bb5+ Bd7 11. exd6 cxd6 12. Bd3 0-0 13. Re1 Bf5 14. Bc4 Nd7 15. Nc3 Bg4 16. h3 Bh5 17. g4 Bg6 18. Bf4 Nf6 19. Rc1 a6 20. Qb3 Rb8 21. Rxe7 Bxf2+ 22. Kxf2 Qxe7 23. Qb6 Rfd8 24. Re1 Qd7 25. Qd4 Re8 26. Rxe8+ Rxe8 27. Bxh6 Nxg4+ 28. hxg4 gxh6 29. a4 Qe7 30. Bd3 Bxd3 31. Qxd3 Qf6 32. Kg3 Rc8 33. Ne4 Qxb2 34. Nxd6 Rc3 35. Qf5 Rc7 36. Ne8 Qb6 37. Nxc7 Qxc7+ 38. Qe5 Qd7 39. d6 f6 40. Qxf6 Qxa4 41. Qe6+ 1-0

[Event "SVK-chT2C 0506"]
[Site "Slovakia"]
[Date "2005.10.22"]
[Round "1.7"]
[White "Sustek, Vladimir"]
[Black "Marcinek, Michal"]
[Result "0-1"]
[WhiteElo "2075"]
[BlackElo "1998"]
[PlyCount "34"]
[EventDate "2005.10.22"]
[EventType "tourn"]
[EventRounds "11"]
[EventCountry "SVK"]
[SourceTitle "EXT 2009"]
[Source "ChessBase"]
[SourceDate "2008.11.26"]
[SourceVersion "1"]
[SourceVersionDate "2008.11.26"]
[SourceQuality "1"]

1. d4 d5 2. Nf3 Nf6 3. c4 e6 4. e3 c5 5. cxd5 exd5 6. dxc5 Bxc5 7. Be2 0-0 8. 0-0 Nc6 9. a3 a6 10. b4 Bd6 11. Bb2 Bg4 12. Nd4 Bxe2 13. Qxe2 Re8 14. Qf3 Ne5 15. Qe2 Ne4 16. Nc3 Qh4 17. Nf5 Nf3+ 0-1

[Event "SVK-chT2 0304"]
[Site "Slovakia"]
[Date "2003.??.??"]
[Round "2"]
[White "Marcinek, Michal"]
[Black "Kubis, Ivan"]
[Result "1-0"]
[WhiteElo "1990"]
[BlackElo "2062"]
[PlyCount "67"]
[EventDate "2003.10.??"]
[EventType "team-tourn"]
[EventRounds "11"]
[EventCountry "SVK"]
[SourceTitle "EXT 2006"]
[Source "ChessBase"]
[SourceDate "2005.11.24"]
[SourceVersion "1"]
[SourceVersionDate "2005.11.24"]
[SourceQuality "1"]

1. e4 c5 2. c3 Nf6 3. e5 Nd5 4. Bc4 e6 5. Nf3 Nc6 6. 0-0 Be7 7. d4 cxd4 8. cxd4 d6 9. exd6 Qxd6 10. Nc3 Nxc3 11. bxc3 0-0 12. Bd3 b6 13. Bb2 Bb7 14. Rc1 Bf6 15. Bb1 Rfd8 16. Qd3 g6 17. Rfd1 Qf4 18. Qe2 Ne7 19. Ne5 h5 20. g3 Qh6 21. a4 Nf5 22. Ba2 Nd6 23. c4 h4 24. Ng4 Qg7 25. Nxf6+ Qxf6 26. d5 Qg5 27. dxe6 hxg3 28. exf7+ Nxf7 29. fxg3 Qc5+ 30. Qf2 Qc6 31. Rd5 Qe6 32. Qd4 Ne5 33. Rxd8+ Kh7 34. Qh4+ 1-0

[Event "SVK-chT2 0304"]
[Site "Slovakia"]
[Date "2003.??.??"]
[Round "4"]
[White "Trebula, Jozef"]
[Black "Marcinek, Michal"]
[Result "1-0"]
[WhiteElo "2082"]
[BlackElo "1990"]
[PlyCount "57"]
[EventDate "2003.10.??"]
[EventType "team-tourn"]
[EventRounds "11"]
[EventCountry "SVK"]
[SourceTitle "EXT 2006"]
[Source "ChessBase"]
[SourceDate "2005.11.24"]
[SourceVersion "1"]
[SourceVersionDate "2005.11.24"]
[SourceQuality "1"]

1. e4 e5 2. Nf3 Nc6 3. Bb5 a6 4. Ba4 Nf6 5. 0-0 Be7 6. Re1 b5 7. Bb3 0-0 8. a4 Bb7 9. c3 d6 10. d3 Na5 11. Bc2 c5 12. Nbd2 Nc6 13. Qe2 Qc7 14. Nf1 Rfe8 15. Bg5 b4 16. Ne3 bxc3 17. bxc3 Nd7 18. Nd5 Qd8 19. Nxe7+ Nxe7 20. Bb3 Nf8 21. Qa2 Ne6 22. Bxe6 fxe6 23. Qxe6+ Kh8 24. Qf7 Qd7 25. Nh4 Bc6 26. Re3 Ng8 27. Ng6+ hxg6 28. Rh3+ Nh6 29. Rxh6+ 1-0